ARRUPE JESUIT UNIVERSITY

CORONAVIRUS -STOP THE SPREAD - CLEAN,DISINFECT,COVER

Le mouvement theologique (Record no. 125859)

MARC details
000 -LEADER
fixed length control field 00379nam a22001217a 4500
008 - FIXED-LENGTH DATA ELEMENTS--GENERAL INFORMATION
fixed length control field 161202b xxu||||| |||| 00| 0 eng d
050 ## - LIBRARY OF CONGRESS CALL NUMBER
Classification number BR270.G5 1948
100 ## - MAIN ENTRY--PERSONAL NAME
Personal name De Ghellinck, J.
9 (RLIN) 27889
245 ## - TITLE STATEMENT
Title Le mouvement theologique
Remainder of title :du xii siecle
Statement of responsibility, etc / J.De Ghellinck s.j.
260 ## - PUBLICATION, DISTRIBUTION, ETC. (IMPRINT)
Place of publication, distribution, etc Bruxelles
Name of publisher, distributor, etc L'edition Universelle
Date of publication, distribution, etc 1948
300 ## - PHYSICAL DESCRIPTION
Extent xv,593p.;
Dimensions 24cm.
440 ## - SERIES STATEMENT/ADDED ENTRY--TITLE
Title Museum Lessianum - Section Historique
Number of part/section of a work 10
9 (RLIN) 29199
600 ## - SUBJECT ADDED ENTRY--PERSONAL NAME
Personal name Peter Lambard
9 (RLIN) 29196
650 ## - SUBJECT ADDED ENTRY--TOPICAL TERM
Topical term or geographic name as entry element Theology
Chronological subdivision 12th. century
9 (RLIN) 29197
650 ## - SUBJECT ADDED ENTRY--TOPICAL TERM
Topical term or geographic name as entry element Theology, Doctrinal
General subdivision Middle ages
9 (RLIN) 29198
650 ## - SUBJECT ADDED ENTRY--TOPICAL TERM
Topical term or geographic name as entry element Canon law
General subdivision History
9 (RLIN) 4172
942 ## - ADDED ENTRY ELEMENTS (KOHA)
Source of classification or shelving scheme Library of Congress Classification
Item type Monograph ( Printed materials)
Holdings
Withdrawn status Lost status Source of classification or shelving scheme Damaged status Not for loan Collection code Home library Current library Shelving location Date acquired Total Checkouts Full call number Barcode Date last seen Price effective from Koha item type
    Library of Congress Classification     Main Collection ARRUPE LIBRARY ARRUPE LIBRARY Main Collection 02/12/2016   BR270.G5 1948 46003087447 02/12/2016 02/12/2016 Monograph ( Printed materials)

 

Arrupe Library. PO Box MP320 Mt Pleasant, Harare, Zimbabwe
263 242 745411|librarian@aju.ac.zw